000
00320nam a22001217a 4500
008
180504b xxu||||| |||| 00| 0 eng d
041
_a
eng
080
_a
32
100
_a
20
101
_a
SHP
245
_a
Nëpër hapësirat e politikës së jashtme e të diplomacisë në vitet 1992-2004
_c
Starova,A
942
_2
udc
_c
BK
999
_c
45682
_d
45682